|
|
|
|
| LEADER |
01693nam a2200445Ia 4500 |
| 001 |
EBC3301865 |
| 003 |
MiAaPQ |
| 005 |
20200520144314.0 |
| 006 |
m o d | |
| 007 |
cr cn||||||||| |
| 008 |
070816s2008 caua sb 001 0 eng d |
| 010 |
|
|
|z 2007034033
|
| 020 |
|
|
|z 9780817946111
|
| 020 |
|
|
|z 9780817946135
|
| 035 |
|
|
|a (MiAaPQ)EBC3301865
|
| 035 |
|
|
|a (Au-PeEL)EBL3301865
|
| 035 |
|
|
|a (CaPaEBR)ebr10622918
|
| 035 |
|
|
|a (CaONFJC)MIL545393
|
| 035 |
|
|
|a (OCoLC)863672865
|
| 040 |
|
|
|a MiAaPQ
|c MiAaPQ
|d MiAaPQ
|
| 050 |
|
4 |
|a HB501
|b .E648 2008
|
| 082 |
0 |
4 |
|a 330.12/2
|2 22
|
| 100 |
1 |
|
|a Epstein, Richard Allen,
|d 1943-
|
| 245 |
1 |
0 |
|a Free markets under siege
|h [electronic resource] :
|b cartels, politics, and social welfare /
|c by Richard A. Epstein ; with a foreword by Sir Geoffrey Owen and commentary by Geoffrey Wood.
|
| 250 |
|
|
|a Hoover classics ed.
|
| 260 |
|
|
|a Stanford, Calif. :
|b Hoover Institution Press,
|c c2008.
|
| 300 |
|
|
|a xxvi, 99 p. :
|b ill.
|
| 440 |
|
0 |
|a Hoover classics
|
| 490 |
1 |
|
|a Hoover Institution Press publication ;
|v no. 536
|
| 500 |
|
|
|a "Reissued with a new introduction."
|
| 504 |
|
|
|a Includes bibliographical references and index.
|
| 533 |
|
|
|a Electronic reproduction. Ann Arbor, MI : ProQuest, 2015. Available via World Wide Web. Access may be limited to ProQuest affiliated libraries.
|
| 650 |
|
0 |
|a Capitalism.
|
| 650 |
|
0 |
|a Socialism.
|
| 650 |
|
0 |
|a Competition.
|
| 655 |
|
4 |
|a Electronic books.
|
| 700 |
1 |
|
|a Wood, Geoffrey,
|d 1925-
|
| 710 |
2 |
|
|a ProQuest (Firm)
|
| 830 |
|
0 |
|a Hoover Institution Press publication ;
|v 536.
|
| 856 |
4 |
0 |
|u https://ebookcentral.proquest.com/lib/matrademy/detail.action?docID=3301865
|z Click to View
|